00690nam a2200241 a 4500001001300000003000900013005001700022008004100039020001000080082001600090100001900106245001900125260005200144300000900196500003500205505003800240650002400278700001900302902000800321942000700329952009700336999001500433nice12345678IN_TiNIC20260116013011.0050524s1924 lona grp 000 0 eng  ac10000a225.52bLUT aLuther, Martin aNew Testament. aLondonbBritish and Foreign Bible Societyc1924 a800p aincludes index and biblioraphy2 aNew Testament, English and German aBible-New Testament1 aLuther, Martin bSRS cBK 00104070aHMIbHMId2007-06-19g100.00l0o225.52 LUTp12316r2007-06-19w2026-01-16yARB c9223d9223